Introducción a la terapéutica vegetal /
Guardado en:
| Autor Principal: | |
|---|---|
| Formato: | Libro |
| Publicado: |
Buenos Aires :
Hemisferio Sur,
1979
|
| Materias: | |
| Etiquetas: |
Agregar Etiqueta
Sin Etiquetas, Sea el primero en etiquetar este registro!
|
| LEADER | 00692nam a22002175a 4500 | ||
|---|---|---|---|
| 001 | CEM.cems015790 | ||
| 008 | 130507s1979##################000#0#####d | ||
| 005 | 20210811193558.0 | ||
| 003 | CEMS | ||
| 245 | 1 | 0 | |a Introducción a la terapéutica vegetal / |c J. J. Costa y Aurelio E. Margheritis |
| 260 | |a Buenos Aires : |b Hemisferio Sur, |c 1979 | ||
| 300 | |a 533 p. | ||
| 100 | 1 | |a Costa, J. J. | |
| 082 | 0 | 4 | |a 632.9 |
| 653 | |a Agricultura | ||
| 653 | |a Cultivos-enfermedades | ||
| 653 | |a Plaguicidas-máquinas | ||
| 653 | |a Plaguicidas | ||
| 653 | |a Plagas agrícolas | ||
| 859 | |a CEMS |b BIB. CEMS - Agricultura |h 632.9 |i C824 |p A7196.79 |t Ej.1 | ||
| 859 | |a CEMS |b BIB. CEMS - Agricultura |h 632.9 |i C824 |p A8605.80 |t Ej.2 | ||
